Destinos Aeropuerto de Santander (SDR) - Estadísticas

Estadísticas generales
  • Esta prueba ha sido intentada 19 veces
  • La puntuación promedio es 16 de 24
Estadísticas de respuestas
Ciudad de destino % Correcto
Barcelona
100%
Madrid
100%
Bruselas
93%
Londres
93%
Paris
93%
Valencia
93%
Alicante - Elche
87%
Dublín
87%
Las Palmas
87%
Málaga
87%
Palma de Mallorca
87%
Sevilla
87%
Tenerife
87%
Granada - Jaén
73%
Manchester
67%
Lanzarote
60%
Edimburgo
53%
Bucarest
47%
Marrakech
47%
Birmingham
40%
Sofia
27%
Tirana
20%
Bolonia
13%
Treviso
7%
No se encontraron pruebas coincidentes
Distribución de puntuación
Porcentaje de gente con cada puntuación
Porcentaje por número respondido
Historial de tus puntuaciones
No has intentado esta prueba.